[Event "IPCA Wch 23rd"]
[Site "Gyumri"]
[Date "2024.07.27"]
[Round "9"]
[White "Samarth, J Rao"]
[Black "Tsapalin, Sergey"]
[Result "1-0"]
[WhiteElo "1796"]
[BlackElo "1903"]
[PlyCount "89"]
[EventDate "2024.07.20"]
[EventType "swiss"]
[EventRounds "9"]
[EventCountry "ARM"]
[SourceTitle "CBM 221 Extra"]
[Source "ChessBase"]
[SourceDate "2024.09.30"]
[SourceVersion "1"]
[SourceVersionDate "2024.09.30"]
[SourceQuality "1"]

1. d4 Nf6 2. e3 c5 3. c3 e6 4. f4 d5 5. Bd3 Nbd7 6. Nf3 b6 7. Nbd2 Bb7 8. 0-0 Be7 9. Ne5 0-0 10. Qf3 Nxe5 11. fxe5 Nd7 12. e4 f5 13. exf5 exf5 14. Bxf5 Rxf5 15. Qxf5 Nf8 16. Nf3 Bc8 17. Qc2 Be6 18. Be3 Bf7 19. Qd2 Bg6 20. Bg5 c4 21. Bxe7 Qxe7 22. Qg5 Qxg5 23. Nxg5 h6 24. Nh3 Bd3 25. Rf2 b5 26. Re1 Re8 27. Re3 Bb1 28. Nf4 Be4 29. Rg3 Re7 30. Nh5 Ng6 31. Nf4 Nf8 32. Re3 Ne6 33. Nxe6 Rxe6 34. Rf4 Bb1 35. a3 a5 36. Ref3 Be4 37. Rf8+ Kh7 38. R3f7 b4 39. Rb7 Rg6 40. g3 bxa3 41. bxa3 h5 42. Rff7 h4 43. Kf2 hxg3+ 44. hxg3 Kh6 45. Rbd7 1-0

[Event "IPCA Wch 20th"]
[Site "Torrevieja"]
[Date "2021.10.26"]
[Round "9"]
[White "Tsapalin, Sergey"]
[Black "Valenta, Vit"]
[Result "0-1"]
[WhiteElo "1981"]
[BlackElo "2028"]
[PlyCount "136"]
[EventDate "2021.10.18"]
[EventType "swiss"]
[EventRounds "9"]
[EventCountry "ESP"]
[SourceTitle "EXT 2023"]
[Source "ChessBase"]
[SourceDate "2022.10.05"]
[SourceVersion "1"]
[SourceVersionDate "2022.10.05"]
[SourceQuality "1"]

1. d4 Nf6 2. c4 g6 3. Nc3 Bg7 4. e4 d6 5. Be2 0-0 6. Bg5 h6 7. Be3 Nbd7 8. Qd2 Kh7 9. f3 e5 10. d5 Nh5 11. Nh3 Nc5 12. Nf2 a5 13. Nd3 Nxd3+ 14. Bxd3 Nf4 15. Bf1 f5 16. g3 Nh5 17. exf5 gxf5 18. Bd3 e4 19. fxe4 f4 20. e5+ Kh8 21. gxf4 Qh4+ 22. Qf2 Qxf2+ 23. Bxf2 Nxf4 24. Be4 Bxe5 25. Kd2 Bd7 26. Bg3 Rae8 27. Rae1 Nh3 28. Bxe5+ Rxe5 29. Rhf1 Rxf1 30. Rxf1 Kg7 31. Bg2 Ng5 32. Re1 Rxe1 33. Kxe1 Kf6 34. Kd2 Ke5 35. Ke3 Nh7 36. b3 Nf6 37. Bf3 Ne8 38. a3 Ng7 39. Be4 Nh5 40. b4 axb4 41. axb4 Nf6 42. Bf3 b6 43. Ne2 b5 44. Kd3 Bf5+ 45. Kc3 Be4 46. Bxe4 Nxe4+ 47. Kd3 Nf2+ 48. Kc3 bxc4 49. Kxc4 Ng4 50. Kb5 Kxd5 51. Nc3+ Kd4 52. Ne2+ Kd3 53. Nf4+ Ke4 54. Ne6 Nxh2 55. Nxc7 Nf3 56. Ne8 Kd5 57. Nf6+ Ke6 58. Ne4 h5 59. Nf2 Kd5 60. Ka6 Nd4 61. b5 Nb3 62. b6 Nc5+ 63. Ka7 Kd4 64. Nh3 h4 65. Nf4 Ke4 66. Nh3 d5 67. Ka8 d4 68. Ng5+ Kd5 0-1

[Event "IPCA Wch 20th"]
[Site "Torrevieja"]
[Date "2021.10.25"]
[Round "8"]
[White "Anfinogenov, Artem"]
[Black "Tsapalin, Sergey"]
[Result "1/2-1/2"]
[WhiteElo "2032"]
[BlackElo "1981"]
[PlyCount "54"]
[EventDate "2021.10.18"]
[EventType "swiss"]
[EventRounds "9"]
[EventCountry "ESP"]
[SourceTitle "EXT 2023"]
[Source "ChessBase"]
[SourceDate "2022.10.05"]
[SourceVersion "1"]
[SourceVersionDate "2022.10.05"]
[SourceQuality "1"]

1. e4 e5 2. Nf3 Nc6 3. d4 exd4 4. Nxd4 Bc5 5. Nxc6 Qf6 6. Qf3 Qxf3 7. gxf3 bxc6 8. Be3 Bxe3 9. fxe3 Rb8 10. Nd2 Ne7 11. 0-0-0 d6 12. Bc4 Be6 13. Bxe6 fxe6 14. f4 Kf7 15. Nb3 Rhd8 16. c3 c5 17. e5 Nc6 18. exd6 cxd6 19. Rhe1 a5 20. e4 a4 21. Nd2 d5 22. Nf3 h6 23. exd5 exd5 24. Kc2 d4 25. cxd4 cxd4 26. Ne5+ Nxe5 27. Rxe5 Rbc8+ 1/2-1/2

[Event "IPCA Wch 20th"]
[Site "Torrevieja"]
[Date "2021.10.23"]
[Round "6"]
[White "Gurbanov, Andrei"]
[Black "Tsapalin, Sergey"]
[Result "1-0"]
[WhiteElo "2252"]
[BlackElo "1981"]
[PlyCount "99"]
[EventDate "2021.10.18"]
[EventType "swiss"]
[EventRounds "9"]
[EventCountry "ESP"]
[SourceTitle "EXT 2023"]
[Source "ChessBase"]
[SourceDate "2022.10.05"]
[SourceVersion "1"]
[SourceVersionDate "2022.10.05"]
[SourceQuality "1"]

1. d4 f5 2. Nc3 Nf6 3. Bg5 d5 4. e3 Be6 5. h4 h5 6. Nf3 Nbd7 7. Ne2 Bf7 8. Nf4 Ng4 9. c4 c6 10. cxd5 Qa5+ 11. Qd2 Qxd2+ 12. Nxd2 cxd5 13. Rc1 e5 14. dxe5 Ngxe5 15. Bb5 a6 16. Ba4 b5 17. Bd1 Bb4 18. a3 Ba5 19. b4 Bd8 20. Nf3 Nc4 21. a4 Bb6 22. Nd4 Bxd4 23. exd4 0-0 24. 0-0 g6 25. a5 Rac8 26. Nd3 Rfe8 27. Bf3 Nd6 28. Nc5 Nxc5 29. dxc5 Ne4 30. Be3 d4 31. Bxd4 Nd2 32. Rfd1 Nxf3+ 33. gxf3 Bd5 34. Kg2 Bc6 35. Be3 Rcd8 36. Bg5 Rxd1 37. Rxd1 Kf7 38. Kg3 Re6 39. Be3 Re7 40. Kf4 Re6 41. Rd8 Re8 42. Rd3 Re6 43. Rd8 Re8 44. Rxe8 Kxe8 45. Ke5 Bxf3 46. Kd6 Kd8 47. Bf4 Kc8 48. c6 Be4 49. Kc5 Bf3 50. Kb6 1-0

[Event "Chigorin Memorial 27th"]
[Site "St Petersburg"]
[Date "2019.10.08"]
[Round "4"]
[White "Tsapalin, Sergey"]
[Black "Nikologorsky, Matfei"]
[Result "0-1"]
[WhiteElo "1932"]
[BlackElo "2220"]
[PlyCount "98"]
[EventDate "2019.10.05"]
[EventType "swiss"]
[EventRounds "9"]
[EventCountry "RUS"]
[SourceTitle "EXT 2020"]
[Source "ChessBase"]
[SourceDate "2019.10.17"]
[SourceVersion "1"]
[SourceVersionDate "2019.10.17"]
[SourceQuality "1"]

1. d4 Nf6 2. c4 g6 3. f3 d5 4. cxd5 Nxd5 5. e4 Nb6 6. Nc3 Bg7 7. Be3 0-0 8. Qd2 e5 9. d5 c6 10. h4 cxd5 11. exd5 N8d7 12. h5 Nf6 13. hxg6 fxg6 14. 0-0-0 Bd7 15. Kb1 Rc8 16. Nh3 e4 17. Ng5 exf3 18. gxf3 Bf5+ 19. Ka1 Re8 20. Bb5 Nc4 21. Bxc4 Rxc4 22. d6 b5 23. Nce4 h6 24. Nxf6+ Qxf6 25. Ne4 Bxe4 26. fxe4 g5 27. d7 Rd8 28. Qd5+ Qf7 29. Kb1 Rc7 30. Qxb5 Rcxd7 31. Rxd7 Rxd7 32. Rf1 Qe7 33. Qc4+ Kh7 34. Qc2 Rc7 35. Qd3 Qe5 36. Bc1 Rb7 37. Qc2 Re7 38. Re1 g4 39. Bd2 Rb7 40. Bc1 g3 41. Re2 Bf6 42. Qc8 Rg7 43. Qh3 h5 44. Qg2 h4 45. Rd2 Re7 46. Re2 Qh5 47. e5 Rxe5 48. Qb7+ Kg6 49. Rc2 Qf5 0-1

[Event "Chigorin Memorial 26th"]
[Site "St Petersburg"]
[Date "2018.11.03"]
[Round "8"]
[White "Vorobieva, Varvara"]
[Black "Tsapalin, Sergey"]
[Result "1-0"]
[WhiteElo "1760"]
[BlackElo "2032"]
[PlyCount "77"]
[EventDate "2018.10.27"]
[EventType "swiss"]
[EventRounds "9"]
[EventCountry "RUS"]
[SourceTitle "CBM 187 Extra"]
[Source "ChessBase"]
[SourceDate "2018.11.04"]
[SourceVersion "1"]
[SourceVersionDate "2018.11.04"]
[SourceQuality "1"]

1. e4 c5 2. c3 e5 3. Nf3 Nc6 4. Bc4 Nf6 5. d3 d5 6. exd5 Nxd5 7. h3 Be7 8. 0-0 Be6 9. Re1 Bf6 10. Bb5 Qc7 11. Qe2 0-0 12. Bxc6 bxc6 13. Nxe5 Rae8 14. d4 cxd4 15. cxd4 c5 16. Be3 Nxe3 17. fxe3 cxd4 18. exd4 Bh4 19. Rf1 f6 20. Nf3 Bc4 21. Qc2 Re2 22. Nbd2 Rxg2+ 23. Kxg2 Qg3+ 24. Kh1 Qxh3+ 25. Nh2 Bd5+ 26. Ndf3 g5 27. Kg1 Qg3+ 28. Qg2 Qxg2+ 29. Kxg2 h5 30. Kg1 Bg3 31. Rac1 g4 32. Ne1 f5 33. Rc5 Be4 34. Ng2 Bd6 35. Ra5 Rc8 36. Ne3 g3 37. Nf3 f4 38. Nd5 Rf8 39. Nc3 1-0

[Event "Chigorin Memorial 25th"]
[Site "St Petersburg"]
[Date "2017.10.26"]
[Round "6"]
[White "Tsapalin, Sergey"]
[Black "Makarian, Rudik"]
[Result "0-1"]
[WhiteElo "2016"]
[BlackElo "2263"]
[PlyCount "78"]
[EventDate "2017.10.21"]
[EventType "swiss"]
[EventRounds "9"]
[EventCountry "RUS"]
[SourceTitle "CBM 181 Extra"]
[Source "ChessBase"]
[SourceDate "2017.12.12"]
[SourceVersion "1"]
[SourceVersionDate "2017.12.12"]
[SourceQuality "1"]

1. c4 Nf6 2. Nc3 g6 3. e4 d6 4. d4 Bg7 5. Bg5 Nbd7 6. f3 c5 7. d5 0-0 8. Nh3 a6 9. a4 Re8 10. Qd2 Ne5 11. Nf2 Qa5 12. Ra3 e6 13. Be2 exd5 14. Nxd5 Qxd2+ 15. Bxd2 Nxd5 16. cxd5 f5 17. 0-0 Bd7 18. Rfa1 Rab8 19. Rb1 b5 20. axb5 Bxb5 21. Bxb5 axb5 22. Ra6 Nc4 23. Bc3 Ra8 24. Rxa8 Rxa8 25. Bxg7 Kxg7 26. Nd3 Ra2 27. b4 Nd2 28. Rd1 c4 29. Nc1 Rc2 30. Re1 Nb3 31. Ne2 Kf6 32. exf5 gxf5 33. Nf4 Rc1 34. Kf2 Rxe1 35. Kxe1 Ke5 36. g3 Nd4 37. Kf2 Nc2 38. Ne2 Nxb4 39. Nc3 Nd3+ 0-1

[Event "Chigorin Memorial 25th"]
[Site "St Petersburg"]
[Date "2017.10.21"]
[Round "1"]
[White "Gogolev, Artem"]
[Black "Tsapalin, Sergey"]
[Result "1/2-1/2"]
[WhiteElo "2427"]
[BlackElo "2016"]
[PlyCount "91"]
[EventDate "2017.10.21"]
[EventType "swiss"]
[EventRounds "9"]
[EventCountry "RUS"]
[SourceTitle "CBM 181 Extra"]
[Source "ChessBase"]
[SourceDate "2017.12.12"]
[SourceVersion "1"]
[SourceVersionDate "2017.12.12"]
[SourceQuality "1"]

1. d4 Nf6 2. Nf3 c5 3. c4 cxd4 4. Nxd4 e5 5. Nb5 d5 6. cxd5 Bc5 7. e3 0-0 8. N5c3 e4 9. Nd2 Qe7 10. a3 Nbd7 11. b4 Bd6 12. Bb2 Nb6 13. Nc4 Bg4 14. Qd2 Nxc4 15. Bxc4 Rac8 16. Be2 Bf5 17. Nb5 Bb8 18. d6 Qd7 19. Bxf6 gxf6 20. Qd5 a6 21. Nd4 Bg6 22. 0-0 Qxd6 23. Qxd6 Bxd6 24. Bg4 Rcd8 25. Rfd1 Be5 26. Rac1 Rfe8 27. Kf1 Bxd4 28. Rxd4 f5 29. Rxd8 Rxd8 30. Be2 Rd2 31. h4 h5 32. b5 Ra2 33. bxa6 bxa6 34. Bxa6 Rxa3 35. Bc8 Kg7 36. Kg1 Ra2 37. Bb7 Rb2 38. Bd5 Rd2 39. Rc5 Kf6 40. Ra5 Kg7 41. Rb5 Kf6 42. Bb7 Kg7 43. Rb6 Ra2 44. Kf1 Ra1+ 45. Ke2 Ra2+ 46. Ke1 1/2-1/2

[Event "IPCA Wch 17th"]
[Site "Ruzomberok"]
[Date "2017.06.04"]
[Round "8"]
[White "Tsapalin, Sergey"]
[Black "Samarth, J Rao"]
[Result "1-0"]
[WhiteElo "1972"]
[BlackElo "1392"]
[PlyCount "145"]
[EventDate "2017.05.28"]
[EventType "swiss"]
[EventRounds "9"]
[EventCountry "SVK"]
[SourceTitle "EXT 2018"]
[Source "ChessBase"]
[SourceDate "2017.10.13"]
[SourceVersion "1"]
[SourceVersionDate "2017.10.13"]
[SourceQuality "1"]

1. d4 d5 2. c4 e6 3. Nc3 Nf6 4. cxd5 exd5 5. Bg5 Be7 6. e3 0-0 7. Bd3 Nbd7 8. Nge2 b6 9. Qc2 h6 10. Bh4 c5 11. 0-0 Bb7 12. f3 Re8 13. Bf2 a6 14. Ng3 cxd4 15. exd4 Bf8 16. Nf5 g6 17. Ng3 Kg7 18. Rae1 Qc7 19. Qd2 Bd6 20. Be3 Ng8 21. f4 Ndf6 22. h3 Re7 23. Nge2 Rae8 24. Bf2 Ne4 25. Bxe4 dxe4 26. Be3 f5 27. Rc1 Qd7 28. Rfd1 Rd8 29. d5 Bc5 30. Bd4+ Kh7 31. Bxc5 bxc5 32. Qe3 Rc8 33. Rd2 Nf6 34. Rcd1 Ree8 35. Nc1 Red8 36. Nb3 Qd6 37. Na5 Ba8 38. Nc4 Qf8 39. Nb6 Rb8 40. Nxa8 Rxa8 41. d6 Rac8 42. d7 Rc7 43. Nd5 Nxd5 44. Rxd5 Qe7 45. Qd2 e3 46. Qd3 e2 47. Re1 Rcxd7 48. Rxe2 Qg7 49. Rxd7 Rxd7 50. Qxa6 Qd4+ 51. Rf2 c4 52. Qe6 Ra7 53. Qe5 Qxe5 54. fxe5 Rxa2 55. Kf1 Kg7 56. Ke1 Kf7 57. Rc2 Ra4 58. Re2 Ke6 59. Kd2 Ra5 60. Kc3 Rxe5 61. Rxe5+ Kxe5 62. Kxc4 Kd6 63. Kd4 g5 64. b4 h5 65. g3 Kc6 66. Ke5 f4 67. gxf4 g4 68. Ke4 g3 69. Kf3 h4 70. f5 Kd5 71. b5 Kd6 72. f6 Kd7 73. b6 1-0

[Event "IPCA Wch 17th"]
[Site "Ruzomberok"]
[Date "2017.05.30"]
[Round "3"]
[White "Pilimon, Zbigniew"]
[Black "Tsapalin, Sergey"]
[Result "0-1"]
[WhiteElo "1672"]
[BlackElo "1972"]
[PlyCount "74"]
[EventDate "2017.05.28"]
[EventType "swiss"]
[EventRounds "9"]
[EventCountry "SVK"]
[SourceTitle "EXT 2018"]
[Source "ChessBase"]
[SourceDate "2017.10.13"]
[SourceVersion "1"]
[SourceVersionDate "2017.10.13"]
[SourceQuality "1"]

1. d4 Nf6 2. c4 c5 3. d5 b5 4. cxb5 a6 5. bxa6 g6 6. Nc3 Bxa6 7. e4 Bxf1 8. Kxf1 d6 9. g3 Nbd7 10. Kg2 Bg7 11. h3 0-0 12. Nf3 Qa5 13. Re1 Rfb8 14. Qc2 Nb6 15. Bf4 Nc4 16. Rab1 Nh5 17. Bg5 Rxb2 18. Rxb2 Bxc3 19. Rbb1 Na3 20. Qb3 Bxe1 21. Rxe1 f6 22. Bd2 Qa6 23. Rc1 Ng7 24. g4 Ne8 25. Qe3 Nc4 26. Rxc4 Qxc4 27. g5 Rxa2 28. gxf6 Nxf6 29. Ng5 Rxd2 30. Qxd2 Nxe4 31. Nxe4 Qxe4+ 32. Kg3 c4 33. h4 Qd3+ 34. Qxd3 cxd3 35. Kf3 Kf7 36. Ke3 Kf6 37. Kxd3 Ke5 0-1

[Event "Chigorin Memorial 24th"]
[Site "St Petersburg"]
[Date "2016.10.19"]
[Round "5"]
[White "Tsapalin, Sergey"]
[Black "Polyaninov, Aleksey Vladimirovi"]
[Result "0-1"]
[WhiteElo "2060"]
[BlackElo "2256"]
[PlyCount "60"]
[EventDate "2016.10.15"]
[EventType "swiss"]
[EventRounds "9"]
[EventCountry "RUS"]
[SourceTitle "CBM 175 Extra"]
[Source "ChessBase"]
[SourceDate "2016.12.12"]
[SourceVersion "1"]
[SourceVersionDate "2016.12.12"]
[SourceQuality "1"]

1. d4 Nf6 2. c4 d6 3. Nc3 g6 4. g3 Bg7 5. Bg2 0-0 6. Nf3 Nc6 7. 0-0 Bf5 8. d5 Na5 9. Nd2 c6 10. e4 Bg4 11. Qc2 cxd5 12. cxd5 Rc8 13. Qd3 a6 14. h3 Bd7 15. Nf3 b5 16. Nd4 Qc7 17. Nce2 e5 18. dxe6 fxe6 19. Bd2 Nc4 20. b3 Nxd2 21. Qxd2 e5 22. Rfc1 Qb7 23. Nc2 Nxe4 24. Qd3 d5 25. Nb4 Rxc1+ 26. Rxc1 Be6 27. Bxe4 dxe4 28. Qd6 Qf7 29. Qb6 Bxh3 30. Qe3 Bh6 0-1

[Event "Chigorin Memorial 24th"]
[Site "St Petersburg"]
[Date "2016.10.18"]
[Round "4"]
[White "Pogorelskikh, Sofia"]
[Black "Tsapalin, Sergey"]
[Result "0-1"]
[WhiteElo "1717"]
[BlackElo "2060"]
[PlyCount "78"]
[EventDate "2016.10.15"]
[EventType "swiss"]
[EventRounds "9"]
[EventCountry "RUS"]
[SourceTitle "CBM 175 Extra"]
[Source "ChessBase"]
[SourceDate "2016.12.12"]
[SourceVersion "1"]
[SourceVersionDate "2016.12.12"]
[SourceQuality "1"]

1. e4 c5 2. Nf3 Nc6 3. d4 cxd4 4. Nxd4 e5 5. Nb5 d6 6. N1c3 a6 7. Na3 b5 8. Nd5 Nce7 9. c4 Nxd5 10. exd5 bxc4 11. Nxc4 Nf6 12. Be3 Rb8 13. Be2 Be7 14. a4 0-0 15. 0-0 Rb4 16. Bd2 Nxd5 17. Bxb4 Nxb4 18. a5 f6 19. Nb6 Be6 20. Bc4 d5 21. Bb3 Bc5 22. Qd2 Qd6 23. Ra4 e4 24. Nxd5 e3 25. fxe3 Nxd5 26. Re4 Rd8 27. Rd1 Bf7 28. Bxd5 Bxd5 29. Rg4 Qe6 30. Rg3 h5 31. Qc3 Bd6 32. Rh3 Qe4 33. Qd2 Be6 34. Rxh5 Bxh2+ 35. Kxh2 Rxd2 36. Rxd2 Qxe3 37. Rd8+ Kf7 38. Rhh8 Qe5+ 39. Kg1 Bd5 0-1

[Event "Chigorin Memorial 24th"]
[Site "St Petersburg"]
[Date "2016.10.15"]
[Round "1"]
[White "Tsapalin, Sergey"]
[Black "Esipenko, Andrey"]
[Result "0-1"]
[WhiteElo "2060"]
[BlackElo "2490"]
[PlyCount "90"]
[EventDate "2016.10.15"]
[EventType "swiss"]
[EventRounds "9"]
[EventCountry "RUS"]
[SourceTitle "CBM 175 Extra"]
[Source "ChessBase"]
[SourceDate "2016.12.12"]
[SourceVersion "1"]
[SourceVersionDate "2016.12.12"]
[SourceQuality "1"]

1. d4 Nf6 2. c4 e6 3. Nc3 Bb4 4. f3 c5 5. d5 0-0 6. e4 d6 7. Bd3 Nbd7 8. Nge2 Ne5 9. 0-0 exd5 10. Nxd5 Nxd5 11. exd5 a6 12. Bc2 Qh4 13. b3 Bd7 14. f4 Ng4 15. h3 Rae8 16. Qd3 Nf6 17. Bb2 Ne4 18. f5 Bd2 19. Rad1 Bg5 20. Bc1 Bxc1 21. Rxc1 Qg5 22. Rce1 Bxf5 23. Qf3 Bg6 24. Bxe4 Bxe4 25. Qg3 Qxg3 26. Nxg3 Bd3 27. Rxe8 Rxe8 28. Rd1 Bc2 29. Rc1 Bg6 30. Kf2 b5 31. cxb5 axb5 32. a4 c4 33. bxc4 b4 34. Ne2 b3 35. Nc3 b2 36. Re1 Rxe1 37. Kxe1 b1Q+ 38. Nxb1 Bxb1 39. Kd2 Bf5 40. a5 Bc8 41. Kc3 Kf8 42. Kb4 Ba6 43. c5 Ke7 44. g3 f5 45. h4 g6 0-1